Dharma King : (Record no. 4202)

MARC details
000 -LEADER
fixed length control field 00639nam a2200157 4500
001 - CONTROL NUMBER
control field 5032
005 - DATE AND TIME OF LATEST TRANSACTION
control field 20181127174631.0
020 00 - INTERNATIONAL STANDARD BOOK NUMBER
International Standard Book Number 9789993680963
090 00 - LOCALLY ASSIGNED LC-TYPE CALL NUMBER (OCLC); LOCAL CALL NUMBER (RLIN)
Classification number (OCLC) (R) ; Classification number, CALL (RLIN) (NR) 954.98092 K521d 2014
245 00 - TITLE STATEMENT
Title Dharma King :
Remainder of title a tribute to His Majesty Jigme Singye Wangchuck The Fourth King of Bhutan /
Statement of responsibility, etc. Compiled and edited by H.E. Tsugla Lopen Samten Dorji, Zhung Dratshang.
Medium
250 00 - EDITION STATEMENT
Edition statement 1st ed.
260 00 - PUBLICATION, DISTRIBUTION, ETC.
Place of publication, distribution, etc. [Thimphu] :
Name of publisher, distributor, etc. Dratshang Lhentshog(Council for Religious Affairs) Tashichodzong,
Date of publication, distribution, etc. 2014.
300 00 - PHYSICAL DESCRIPTION
Extent 134 p. : col. ill. ; 24 cm.
650 00 - SUBJECT ADDED ENTRY--TOPICAL TERM
Topical term or geographic name entry element Bhutan --Kings and rulers --Biography.
General subdivision
Topical term or geographic name entry element Jigme Singye Wangchuck, King of Bhutan, 1955.
General subdivision
Holdings
Withdrawn status Lost status Source of classification or shelving scheme Damaged status Not for loan Collection code Home library Current library Shelving location Date acquired Serial Enumeration / chronology Inventory number Total Checkouts Total Renewals Full call number Barcode Date last seen Date last checked out Price effective from Koha item type
    Dewey Decimal Classification     Main TEST RTC Library RTC Library Main opac 01/03/2021 8228 3 2 954.98 DOR 30008265 31/03/2021 10/08/2020 27/11/2018 Main
Royal Thimphu College || All Right Reserved